000
00226nam a2200097Ia 4500
008
190216s9999||||xx |||||||||||||| ||und||
100
_a
Aravindakshan
245
0
_a
Balance Sheet
260
_b
Kerala Basha Inst
942
_c
BK
999
_c
3992
_d
3992